01352nam a2200253 a 450000100100000000500170001000800410002704000250006808200180009310000390011124500900015026000480024030000280028849000270031650400410034365000390038483000340042395201300045795201300058795201300071795201150084795201210096299900150108300000734520200929154136.0090908s1986 dr a 001 0 spa d aDO-SdBNPbspacBNPHU a614.07bB731e1 aBorrell Bentz, Rosa María92042713aLa educación para la salud en República Dominicana /cRosa María Borrell Bentz. aSanto Domingo :bUniversitaria-UASD,c1986. a137 p. :bil. ;c21 cm.1 aSalud y sociedad ;v12 aIncluye referencias bibliográficas 4aEducacion en saludxMetodos920428 0aSalud y sociedad ;n12920429 001054708DSaGRbGRcHDd2009-09-08iLF1l0o614.07 B731ep7345-30r2020-06-25te. 3w2020-06-25yLFDSZPréstamo en sala 001054708DSaGRbGRcHDd2009-09-08iLF1l0o614.07 B731ep7345-40r2020-06-25te. 4w2020-06-25yLFDSZPréstamo en sala 001054708DSaGRbGRcHDd2015-05-19iLF1l0o614.07 B731ep7345-50r2020-06-25te. 5w2020-06-25yLFDSZPréstamo en sala 0010718PDaPDbPDcHDd2009-09-08iLF1l0o614.07 B731ep7345-10r2020-06-25w2020-06-25yLFPDZNo se presta 0010718PDaPDbPDcHDd2009-09-08iLF1l0o614.07 B731ep7345-20r2020-06-25te. 2w2020-06-25yLFPDZNo se presta c7126d7126